Kdy je vhodný telemarketing

Vhodnosť použitia telemarketingu. Druhy telemarketingu: aktívny a pasívny. Marketingové prieskumy. Predaj produktov. Tlačenie pozvánok. Obnovovanie predplatných časopisov a novín. Meranie účinnosti reklamy. Tvorba databáz. Získanie príspevkov pre nadácie.

Saved in:
Bibliographic Details
Main Author: Cimr, M.
Other Authors: Hrubešová, K.
Format: Book Chapter
Language:Czech
Subjects:
Tags: Add Tag
No Tags, Be the first to tag this record!

MARC

LEADER 00000naa a2200000 4500
001 r020465
005 20230911123249.0
041 0 |a cze 
044 |a CZ 
245 1 0 |a Kdy je vhodný telemarketing  |c M. Cimr, K. Hrubešová 
520 |a Vhodnosť použitia telemarketingu. Druhy telemarketingu: aktívny a pasívny. Marketingové prieskumy. Predaj produktov. Tlačenie pozvánok. Obnovovanie predplatných časopisov a novín. Meranie účinnosti reklamy. Tvorba databáz. Získanie príspevkov pre nadácie. 
610 2 0 |a marketing 
610 2 0 |a telemarketing 
610 2 0 |a prieskum trhu 
610 2 0 |a predaj 
610 2 0 |a reklama 
100 1 |a Cimr, M. 
700 1 |a Hrubešová, K.